Understanding and writing compilers : a do-it-yourself guide

Saved in:
Bibliographic Details
Main Author: Bornat, Richard 1944-
Format: Book
Language:Greek
Published: Houndmills, England : MacMillan, 1979
Subjects:
Tags: Add Tag
No Tags, Be the first to tag this record!

MARC

LEADER 00000nam a2200000 i 4500
001 1/62697
008 950215s1979 gre d
020 |a 0333217322 
035 |l 10029124 
040 |a GR-MY-UA  |b gre  |e aacr 
041 0 |a gre 
082 0 |a 001.6425 
100 1 |a Bornat, Richard  |d 1944- 
245 1 0 |a Understanding and writing compilers : a do-it-yourself guide 
260 |a Houndmills, England :   |b MacMillan,   |c 1979 
300 |a 396 P 
650 0 0 |a Computer programs. 
650 0 0 |a Compiling (Electronic Computers) 
852 |a INST  |b CHIOS  |e 19950215  |h 001.6425 BOR  |p 005200006870  |q 005200006870  |t BK  |y 0 
909 |a Χ  |b 005851